000 00319nam a2200121Ia 4500
008 230627s9999 xx 000 0 und d
041 _amar
082 _a346.059
_bSIN
100 _aSingh G.P
245 _aEquity Trusts Mortgages And Fudiciary Relations
250 _a7ed.
260 _aAllahabad
_bKamal Law House
_c2001
999 _c687181
_d687181